Normal view
MARC view
Entry Personal Name
001 - CONTROL NUMBER
- control field: 712
003 - CONTROL NUMBER IDENTIFIER
- control field: OSt
005 - DATE AND TIME OF LATEST TRANSACTION
- control field: 20110411122149.0
008 - FIXED-LENGTH DATA ELEMENTS
- fixed length control field: 110411|||a|||||| | ||| d
040 ## - CATALOGING SOURCE
- Original cataloging agency: OSt
- Transcribing agency: OSt
100 ## - HEADING--PERSONAL NAME
- Personal name: Morris, Henry Francis.
670 ## - SOURCE DATA FOUND
- Source citation: Work cat.: (OSt)243: Morris, Henry Francis., Uganda: the development of its laws and constitutions /, 1966.
